000 00468nam a2200181Ia 4500
005 20250326123758.0
008 250326s9999 xx 000 0 und d
037 _aTextbook
040 _aFMSL
_beng
_cFMSL
041 _aeng
_2eng
084 _aS K6
_qFMSL
100 _aEysenck H J
245 0 _aSense and nonsense in psychology
_cEysenck H J
260 _aUSA
_bUSA, Penguin
_c1966
300 _a349p
942 _cTB
_hS K6
999 _c1270923
_d1270923